01863nam a2200253Ia 450000500170000000800410001702000190005810000300007724500990010725000390020630000270024549000440027252009970031665000370131365000410135065000370139170000210142826400260144933600270147533700330150233800280153504000350156308400110159820220317001037.0160825s2008 sp g 000 0 spa  a978842063810121 aProust, Marceld1871-192210aEn busca del tiempo perdidobel tiempo recobradocMarcel Proust ; traducción Consuelo Berges a1a. edición b6a. reimpresión  a421 páginas c24 cm  aEl libro de bolsillopbiblioteca Proust aLa monumental obra de Marcel Proust (1871-1922) "En busca del tiempo perdido" es un inmenso retrato de toda una sociedad y es considerada como una de las grandes obras maestras de toda la literatura. Como su nombre lo indica, Proust trató de recobrar en su novela en siete volúmenes lo que había sido el ayer y sus personajes están basados en el círculo del autor. La obra total es un reflejo de uno de los más brillantes análisis de la conciencia que se hayan escrito. En las breves descripciones que siguen, se esbozan momentos de la riquísima novela. En la novela final del ciclo, que se publicó póstumamente, cuatro años después de la muerte de Proust, relata como el protagonista ha pasado los años de la primera guerra mundial en un sanatorio. Cuando sale él, se encuentra con el espectáculo de la vejez de todos sus conocidos, quienes ya no son como eran o como él los recuerda y decide intentar recobrar todo lo que fue con la obra de arte que escribe 142LEMBaNovela francesa ySiglo XX142LEMBaLiteratura francesa ySiglo XX142LEMBaPasión en la literatura 1 aBerges, Consuelo aMadridbAlianzac2008 atextobtxt2rdacontent asin mediaciónbn2rdamedia avolumenbnc2rdacarrier aCO-BoRNBPbspaerdacCO-BoRNBP aN PRO1